|
|
|
|
| LEADER |
00000nam a22000007a 4500 |
| 005 |
20210908131824.0 |
| 007 |
cr|||| |||| |
| 008 |
210908s2020 eu |||||s|||| 00||0 eng d |
| 020 |
|
|
|a 978-92-76-17166-9
|
| 035 |
|
|
|a 34737
|
| 040 |
|
|
|a vLex
|
| 090 |
|
|
|c 12335
|d 12335
|
| 100 |
1 |
|
|a Guidetti, Paolo
|
| 245 |
1 |
0 |
|a Marine protected areas, network(s) for enhancement of sustainable fisheries in EU Mediterranean waters
|h [Recurso electrn̤ico] /
|c Paolo Guidetti, Antonio Di Franco, Antonio Caḷ
|
| 256 |
|
|
|a Servicio en ln̕ea
|
| 260 |
|
|
|a Bruselas:
|b European Union Publications Office,
|c 2020
|
| 300 |
|
|
|a 1 recurso electrn̤ico
|
| 500 |
|
|
|a SafeNet: sustainable fisheries in EU Mediterranean waters through network of MPAs.
|
| 506 |
1 |
|
|a Disponible solo en los productos indicados
|d vLex Global
|d vLex Global (Academic Edition, excluding Law Schools)
|d vLex Global (U.S. Academic Edition, Law Schools)
|d vLex Global (U.S. Academic Edition, excluding Law Schools)
|d vLex Global (Academic Edition, Law Schools)
|
| 650 |
0 |
4 |
|a Pesca
|z Unin̤ Europea
|
| 650 |
0 |
4 |
|a Derecho Comunitario
|z Unin̤ Europea
|
| 700 |
1 |
|
|a Di Franco, Antonio
|
| 700 |
1 |
|
|a Cal,̣ Antonio
|
| 740 |
0 |
|
|a vLex Libros (Servicio en ln̕ea)
|
| 856 |
4 |
0 |
|u https://app.vlex.com/#/sources/34737
|z Acceso restringido
|
| 942 |
|
|
|c BOOK
|
| 999 |
0 |
|
|a Fishing
|
| 999 |
0 |
|
|a Community Law
|